| 000 | 00657nam a2200241Ia 4500 | ||
|---|---|---|---|
| 003 | OSt | ||
| 005 | 20221005035028.0 | ||
| 006 | a|||||r|||| 00| 0 | ||
| 007 | ta | ||
| 008 | 221004b |||||||| |||| 00| 0 eng d | ||
| 024 | _a121161 | ||
| 037 |
_bGift, 15/09/2012, _cTextual |
||
| 040 |
_aCRL _cCRL _beng |
||
| 041 |
_2eng _aeng |
||
| 082 | _aX72, N4 | ||
| 100 | _aAgarwal R K | ||
| 245 | 0 | _aGuide to deduction of tax at source and advance tax | |
| 260 |
_aDelhi _bHind Law Pub India _c1994 |
||
| 300 |
_a200p. _ccm. |
||
| 650 | _aECONOMICS | ||
| 942 |
_hX72, N4 _cTEXL _2cc |
||
| 999 |
_c944501 _d944501 |
||